01145 2200445 4500001002100000005001700021008004100038020002200079035002400101040001200125041000800137082001000145090001600155100001300171245008000184250001000264260003400274300003800308504002600346600002400372650002900396990001600425990001600441990001600457990001600473990001500489990001500504990001500519990001500534990001500549990001500564990001500579990001500594990001500609990001500624990001500639990001500654990001500669990001500684YOGYA-0113000000159420130126103235.0 ind  a978-979-1446-34-1 0010-011300000001594 aYOPDYOG aInd a618.2 a618.2 Suj P aSUJIANTI aPanduan praktek klinik kebidanan II: sebuah alternatif panduan...cSUJIANTI aCet.1 aYogyakartabNuha Medikac2010 aXII, 296 hlmbilusc24 cm (3 eks) aBibliografi: hlm. 295 aDyah Dwi Kusumawati aKebidanan - buku panduan a841-PD/B.12 a842-PD/B.12 a843-PD/B.12 a8438-A/2012 a841-A/2012 a842-A/2012 a843-A/2012 a841-A/2012 a842-A/2012 a842-A/2012 a841-A/2012 a843-A/2012 a841-A/2012 a842-A/2012 a843-A/2012 a842-A/2012 a841-A/2012 a843-A/2012